Diálogos institucionales I
Saved in:
| Main Authors: | , , |
|---|---|
| Format: | Book |
| Language: | Spanish |
| Published: |
Lima
UNMSM
2002
|
| Series: | Serie Simposios
|
| Subjects: | |
| Tags: |
Add Tag
No Tags, Be the first to tag this record!
|
MARC
| LEADER | 00000nam a2200000 a 4500 | ||
|---|---|---|---|
| 001 | UCL9803 | ||
| 003 | CL-VaPUC | ||
| 008 | 040827e20020000PE |||||||||||||||||spa|d | ||
| 020 | |a 9972461971 | ||
| 082 | 0 | 4 | |a 378.985 |b GUZ |2 21 |
| 100 | 0 | |a Guzmán Vargas, César |e author |9 487686 | |
| 700 | 0 | |a Oliveira Bardales, Jessica |e author |9 487687 | |
| 700 | 0 | |a Paredes Coz, Gerson |e author |9 487688 | |
| 245 | 1 | 0 | |a Diálogos institucionales I |
| 300 | |a 234 p | ||
| 942 | |c BK | ||
| 945 | |d 20040827 00:00:00 |a cmena | ||
| 260 | |a Lima |b UNMSM |c 2002 | ||
| 650 | 0 | |a Universidades |9 256317 | |
| 650 | 0 | |a Educación superior |9 223851 | |
| 650 | 0 | |a Planificación de la educación |9 307333 | |
| 650 | 0 | |a Cambio social |9 256857 | |
| 651 | 0 | |a Perú |9 256567 | |
| 583 | |a last modification |c 20040827 00:00:00 |k Rodrigo Vera | ||
| 490 | 0 | |a Serie Simposios | |
| 999 | |c 310446 |d 310444 | ||
| 952 | |0 0 |1 0 |4 0 |6 378_985000000000000_GUZ_2002 |7 0 |8 A |9 378894 |a BIBHIS |b BIBHIS |d 2019-11-21 |i 4043855 |o 378.985 GUZ 2002 |p 4043855 |r 2025-01-20 |w 2019-11-21 |y BK |k HIS | ||